Statistics for Britain by Picture - 12

Click here to take the quiz!

General Stats

  • This quiz has been taken 160 times
    (87 since last reset)
  • The average score is 12 of 20

Answer Stats

Answer% Correct
Dolly the sheep
91%
St. David
88%
Coronation Street
78%
Essex
77%
Land Rover
77%
Canterbury Tales
69%
Coventry
66%
Britannia
63%
Edinburgh Castle
63%
Neville Chamberlain
63%
{Bakewell} tart
62%
{Pearly} King & Queen
60%
Clyde
58%
Robinson Crusoe
57%
Burberry
55%
Babycham
54%
Ewan McGregor
49%
Clangers
43%
Sinclair C5
38%
Paula Radcliffe
37%

Score Distribution

Percentile by Number Answered

Percent of People with Each Score

Your Score History

You have not taken this quiz since the last reset